[Event "MI Nov-Dec TNM 1800+"]
[Site "San Francisco"]
[Date "2021.11.16"]
[Round "3.1"]
[White "Winslow, Elliott"]
[Black "Lewis, Edward"]
[Result "1-0"]
[WhiteElo "2252"]
[BlackElo "2017"]
[PlyCount "121"]
[EventDate "2021.11.02"]
[EventType "swiss"]
[EventRounds "8"]
[EventCountry "USA"]

1. e4 g6 2. d4 Bg7 3. c4 d6 4. Nc3 a6 5. Nf3 Nd7 {[#]} ({Black could play} 5...
Bg4) ({And} 5... Nf6 {is a King's Indian with ...a6 tossed in.}) 6. Be2 $1 $16
c5 7. O-O ({The old computers like} 7. d5 {when} Ne5 {certainly takes the game
into curious channels.}) 7... cxd4 8. Nxd4 {A Sicilian/Maroczy Bind structure,
but what is Black's knight doing on d7? There's no pressure on d4.} Ngf6 {[#]}
(8... Qb6 $2 9. Be3 $1 $18 Qxb2 $2 10. Nd5 $1 Kf8 11. Nc2 $1 {and Black's
queen is a liability, to say the least.} Qe5 12. f4 Qxe4 13. Bd3) 9. Re1 $146 {
White also doesn't seem to know where his pieces go.} ({The last game here went
} 9. Be3 {(probably a more consistent move)} O-O 10. Qd2 Re8 11. f3 Nc5 12. b4
$18 Ne6 13. Nb3 b6 14. Rac1 Nd7 15. Rfd1 Bb7 16. Bf1 a5 17. a3 Bc6 18. Rb1 {
0-1 (44) Rusev,K (2455)-Manolache,M (2501) Albarino 2006}) 9... Nc5 10. Bf3 Rb8
$4 11. a4 $6 (11. Be3 $16) 11... O-O (11... Bg4 $5) 12. Be3 Ne6 13. a5 Nd7 14.
Nd5 ({White should try} 14. Nxe6 $16 fxe6 15. Bg4 $1 (15. Qd2) 15... Ne5 16.
Ba7 Ra8 17. Bb6 Qe8 18. Be2 {when after a bunch of shuffling, White is getting
more than a little edge.}) 14... Ndc5 $2 {[#]} (14... Bxd4 15. Bxd4 Nxd4 16.
Qxd4 b6 $11 {when in spite of the vaguely weak a6 pawn and kingside, Black is
doing pretty well.}) 15. Ra3 {White missed some tactical chances:} (15. Nf5 $1
$18 gxf5 16. exf5 {with problems:} Nc7 17. Nxe7+ Qxe7 18. Bxc5 {Black just
can't recover enough pawns to save himself.}) (15. e5 $5 dxe5 (15... Bxe5 16.
Nxe6 Nxe6 17. b4 $1 {dares Black to get crushed on the dark squares:} Bxa1 $2
18. Qxa1) 16. Nxe6 Nxe6 17. Bb6 {Black seems to have some rare problems:} Qe8
18. Nc7 Qd7 19. Qb3 Nd4 20. Bxd4 exd4 21. Nxa6) 15... Bd7 $6 {[#] White can
improve better than Black.} (15... Nxd4 $16 {keeps fighting.} 16. Bxd4 Bxd4 17.
Qxd4 e5) (15... Nxd4 16. Bxd4 Bxd4 17. Qxd4 e5 18. Qd2) 16. b4 $18 Bxd4 17.
Bxd4 Nxd4 18. Qxd4 Ne6 $6 (18... e5 19. Qd2 Ne6 20. Bg4 f5 21. exf5 gxf5 22.
Bd1 $18 {is too loose for Black, what with b4-b5 and the rook swinging to the
kingside as well.}) 19. Qd2 Bc6 $2 (19... f6 {is a sad defensive situation,
sure to lead to disaster eventually:} 20. h4 $5) 20. Bg4 $1 Kg7 21. Rh3 $1 Rh8
22. Qh6+ Kg8 {But this is sadder, or should be.} 23. Bxe6 $6 {White tries to
cash in, but it's insufficient profit, giving Black some chances. Maybe.} (23.
Rd3 $1 Ng7 24. h4) 23... fxe6 24. Nf4 {[#]} (24. Rhe3 $1 {works pretty well.})
24... Qf8 $1 25. Qxf8+ $6 (25. Qh4 $1 Qf6 26. Qg4 Kf7 27. Nxe6 $1 {It's easy
to tell others to keep queens on the board when the opponent's king is in more
danger, but when it comes to doing it, it's easy to forget.}) 25... Rxf8 26.
Nxe6 {[#]} Rc8 $6 {Black avoids the interesting forcing lines.} (26... Bd7 $5
27. Nxf8 Bxh3 28. Nxg6 (28. Nxh7 {is exactly the same}) (28. gxh3 $5 Kxf8 29.
f4 {is also a technical win}) 28... hxg6 29. gxh3 Rxh3 30. Re3 {was the long
variation both players had to consider; once White was convinced the pawn
ending was winning it was off to the races.}) 27. Rc3 $1 $18 {White
consolidates the extra pawn.} Bd7 28. Nf4 Kg7 29. e5 $5 Rhf8 30. Nd5 Be6 31.
Nb6 Rce8 (31... Rc6 {was an alternative.}) 32. exd6 exd6 33. Rce3 Kf7 34. f4 $6
{A bit impatient.} h5 $6 (34... Bf5) 35. Kf2 h4 36. Nd5 $1 Bf5 37. Re7+ $1 Rxe7
38. Rxe7+ Kg8 39. Rxb7 {This should be easy, but White seems intent to make it
hard.} Bd3 40. Rc7 g5 41. g3 Be4 42. Ke3 hxg3 43. hxg3 Bxd5 44. cxd5 gxf4+ 45.
gxf4 Rb8 46. Ke4 {This is the strongest way forward, but it does require
careful calculation.} ({The momentarily passive} 46. Rc4 $5 Rb5 47. Kd4 {
intends (or should have!) rook-check and Kc4, squelching Black's counterplay.})
(46. Rc6 Rxb4 47. Rxa6 {is just great as well.}) 46... Rxb4+ 47. Kf5 Rb5 48.
Ke6 (48. Kg6 $1 Kf8 49. f5 {was White's original intention.}) 48... Rxa5 49. f5
(49. Rc8+ $1 Kh7 50. Kxd6 {wins with the d-pawn}) 49... Ra2 50. Rc8+ (50. Kxd6
$1) 50... Kh7 (50... Kg7 $6 51. f6+ Kg6 52. Rg8+) 51. f6 (51. Kxd6) 51... Re2+
52. Kxd6 {Has the "advantage" of reaching 7 pieces, so the Lomonosov Tablebase
can tell all. (It's mate in 25.) [#]} (52. Kf7 $1 a5 53. Rc1 Kh6 54. Rh1+ Kg5
55. Kg7) 52... Kg6 53. Rf8 (53. Rc6 $1 {is fastest.}) 53... a5 54. Kc7 a4 55.
Ra8 {Actually best.} Kxf6 56. Rxa4 (56. d6) 56... Ke5 57. d6 Ke6 58. d7 Rc2+
59. Kd8 Rg2 60. Ra6+ Kd5 61. Kc8 {The rook blocks the checks on b6.} 1-0

[Event "MI Nov-Dec TNM 1800+"]
[Site "San Francisco"]
[Date "2021.11.16"]
[Round "3.2"]
[White "Makhanov, Gaziz"]
[Black "Fong, Nathan"]
[Result "1/2-1/2"]
[WhiteElo "1917"]
[BlackElo "2032"]
[PlyCount "24"]
[EventDate "2021.11.02"]
[EventType "swiss"]
[EventRounds "8"]
[EventCountry "USA"]

1. e4 c5 2. Nf3 Nc6 3. d4 cxd4 4. Nxd4 Nf6 5. Nc3 e5 6. Nb3 {After a long
thought! You'd think he'd never seen the Sveshnikov before!} Bb4 7. Bc4 O-O 8.
Bg5 h6 {B33: Sicilian: Pelikan and Sveshnikov Variations.} 9. Bh4 g5 (9... d6
$15 10. Qd3 Bxc3+ 11. bxc3 Be6) 10. Bg3 $11 Nxe4 11. Qd3 {[%cal Rd3e4] [#]} d5
$6 $146 ({Previously seen (and perhaps better) was} 11... Ne7 12. Qxe4 (12.
O-O-O Nxc3 13. bxc3 Ba3+ 14. Kb1 Qc7 (14... d5 $1 $19) 15. h4 d5 16. Bxd5 Rd8
17. Bxf7+ Kg7 {0-1 (44) Ali,S (2051)-Tarigan,G (2132) Penang 2018}) 12... d5
13. Bxd5 Bxc3+ 14. bxc3 Qxd5 15. Qxe5 Qxe5+ 16. Bxe5 Ng6 17. Bd4 Re8+ 18. Kd2
Nh4 {White is up a pawn, but its value is not so significant.}) 12. Bxd5 $16
{[#]} Nxc3 {White took control after the opening but for whatever reason (they
did take a lot of time!) acceded to the perpetual.} (12... Nxc3 13. Qg6+ $1 Kh8
14. Qxh6+ Kg8 15. Bxc6 bxc6 16. a3 $1 {(a familiar trick in many openings)}
Be7 (16... Bd6 17. bxc3) 17. h4 $1 {Perhaps *this* is what Makhanov missed!}
(17. Bxe5 $4 Bf6 $1 { and it's Black's attack that wins!}) 17... Qd6 (17... g4
$4 18. Bxe5 Bf6 (18... f6 19. Qg6+ Kh8 20. Bxc3) 19. Bxf6 Re8+ 20. Kf1 Ba6+
21. Kg1 Ne2+ 22. Kh2 $1 $18 {(Did you think that 17.h2-h4 was just about
attacking? No, it was an airhole for the king!)}) 18. Qh5 $1 Qg6 19. Qxg6+ fxg6
20. bxc3 {is slightly in White's favor, and worth continuing if you're not too
short on the clock.}) 1/2-1/2

[Event "MI Nov-Dec TNM 1800+"]
[Site "San Francisco"]
[Date "2021.11.16"]
[Round "3.3"]
[White "Askin, David"]
[Black "Riese, Kayven"]
[Result "0-1"]
[WhiteElo "2023"]
[BlackElo "1900"]
[PlyCount "100"]
[EventDate "2021.11.02"]
[EventType "swiss"]
[EventRounds "8"]
[EventCountry "USA"]

1. d4 e6 2. c4 f5 3. Bf4 Nf6 4. a3 b6 5. Nc3 Bb7 6. e3 g6 7. Nf3 Bg7 8. Be2 O-O
9. h4 h6 10. Ne5 Kh7 11. Qc2 d6 12. Bf3 Qc8 13. Bxb7 Qxb7 14. Nf3 Nbd7 15. Ng5+
hxg5 16. hxg5+ Nh5 17. O-O-O Qxg2 18. Rdg1 Qb7 19. Qe2 Kg8 20. Rxh5 gxh5 21.
Qxh5 Rfe8 22. Rh1 Nf8 23. g6 e5 24. Bh6 c6 25. Ne2 Re6 26. Ng3 Rf6 27. Nxf5
Rxf5 28. Qxf5 Re8 29. d5 cxd5 30. cxd5 Qc8+ 31. Qc2 Qxc2+ 32. Kxc2 Bxh6 33.
Rxh6 Kg7 34. Rh4 Rc8+ 35. Kd3 Nxg6 36. Ra4 Rc7 37. Rg4 Kf6 38. Rg3 Rc5 39. e4
Nf4+ 40. Kd2 Rc4 41. f3 Rd4+ 42. Kc2 Rd3 43. a4 Re3 44. Rg8 Rxf3 45. Ra8 Rf2+
46. Kc3 Re2 47. Rxa7 Rxe4 48. Rd7 Nxd5+ 49. Kb3 Ke6 50. Rh7 Rf4 0-1

[Event "MI Nov-Dec TNM 1800+"]
[Site "San Francisco"]
[Date "2021.11.16"]
[Round "3.4"]
[White "Stafford, Adam"]
[Black "Estolas, Brandon"]
[Result "1-0"]
[WhiteElo "1745"]
[BlackElo "2003"]
[PlyCount "95"]
[EventDate "2021.11.02"]
[EventType "swiss"]
[EventRounds "8"]
[EventCountry "USA"]

1. e4 c5 2. Nf3 a6 3. Nc3 e6 4. d4 cxd4 5. Nxd4 Qc7 6. Be3 Nf6 7. Bd3 Bb4 8.
Qd2 Nc6 9. a3 Qa5 10. Nb3 Bxc3 11. bxc3 Qc7 12. h3 Ne5 13. f4 Nc4 14. Bxc4 Qxc4
15. e5 Ne4 16. Qd4 Qxc3+ 17. Qxc3 Nxc3 18. O-O b5 19. Nc5 O-O 20. Bd2 Nd5 21.
a4 b4 22. a5 Rb8 23. Rfb1 f6 24. c4 bxc3 25. Rxb8 cxd2 26. Rd1 fxe5 27. fxe5
Ne7 28. Rxd2 Nc6 29. Nxd7 Bxd7 30. Rxf8+ Kxf8 31. Rxd7 Nxa5 32. Rc7 Nb3 33. Rc6
Nd4 34. Rxa6 Kf7 35. Kf2 Kg6 36. g4 h5 37. Ke3 Nc2+ 38. Kd2 Nd4 39. Kd3 Nf3 40.
gxh5+ Kf7 41. Ke4 Ng5+ 42. Kd3 Nxh3 43. Ke3 Ng5 44. Ra3 Ke7 45. Kf4 Nf7 46.
Ra7+ Kf8 47. Ra8+ Ke7 48. Rg8 1-0

[Event "MI Nov-Dec TNM 1800+"]
[Site "San Francisco"]
[Date "2021.11.16"]
[Round "3.5"]
[White "Clemens, Kristian"]
[Black "Argo, Guy"]
[Result "0-1"]
[WhiteElo "1954"]
[BlackElo "1884"]
[PlyCount "72"]
[EventDate "2021.11.02"]
[EventType "swiss"]
[EventRounds "8"]
[EventCountry "USA"]

1. Nf3 f5 2. d4 Nf6 3. c4 e6 4. Nc3 (4. g3 {is the timeworn (and perhaps
tiresome?) main line against the Classical Dutch.}) 4... Bb4 {All about e4.} 5.
Bd2 O-O 6. g3 b6 7. Bg2 Bb7 8. O-O a5 {A sort of Bogo-Indian where ...f5 is in
"for free." If nothing else, this means Black hasn't had to first play ...Ne4,
so the long diagonal is open for Black's bishop.} 9. Ne5 $6 {And there goes
any plus for White.} (9. a3 Bxc3 (9... Be7 10. Qc2 {is even a bigger disparity
between computer evaluation (+1.04: clear advantage) and results (Black has
scored 75%).}) 10. Bxc3 {may have scored well for Black, but the computers are
confident White has a moderate advantage.}) 9... Bxg2 $1 $11 10. Kxg2 Qe8 {
Dutch players are used to all sorts of behind-the-line maneuvers.} ({But here} 
10... d6 11. Nd3 Qd7 $5 {clears the way for ...Nc6, and Black is no worse.})
11. f3 {The position is equal.} d6 12. Nd3 Bxc3 13. Bxc3 {[#]} Nbd7 $146 ({
Even way out here this position has been reached, by a pretty strong player,
who played} 13... Qc6 14. b3 Nbd7 15. Nf4 d5 $2 (15... e5 $1 {says the
computer, when White doesn't have enough going in any direction to sway it off
"=".}) 16. cxd5 $4 (16. Qd3 $16) 16... Nxd5 $4 (16... Qxc3 $1 17. dxe6 {
and now the key move is} g5 $1 (17... Nb8 18. e4 $1 {with the extra knight is
no equal to the central pawn mass.}) 18. Qd3 (18. Nd3 Nd5 $1) 18... Qxd3 19.
Nxd3 Nb8 {and Black should win.}) 17. Nxd5 $2 (17. Bd2 $1 $16) 17... exd5 18.
Bd2 Qe6 $11 {1/2-1/2 (55) Aditya,M (2211)-Rahman,Z (2526) Mumbai 2017}) 14. Qd2
(14. Qa4 e5 {doesn't change much.}) 14... e5 15. dxe5 dxe5 $11 {Black would
seem to have a bit of initiative, but Stockfish 14.1 is adamant about 0.00.}
16. Rae1 $6 Rd8 (16... Qe6 17. b3 h6) 17. Qe3 Qe6 18. b3 Rfe8 19. c5 $2 (19.
Qc1 $11) 19... Nd5 {Black is ready, and gets things going, starting with a
Double Attack} 20. Qc1 e4 $1 {[%cal Re4d3]} 21. Nf4 Nxf4+ 22. Qxf4 Nxc5 23.
Qxc7 {[%csl Gc3][%cal Rc7g7]} Rd7 24. Qf4 Red8 ({Tactics justify} 24... exf3+
$17 25. Rxf3 (25. exf3 Nd3 $1 $19) 25... Ne4 26. Rc1 Rf7 $17) 25. Qg5 $6 {
Just more trouble.} (25. Kg1 $15) 25... Qg6 $2 {Trading queens when the
opponent's king is more exposed?} ({Just} 25... h6 $17) 26. Qe3 $2 (26. Qxg6
$11 {and White stays safe.} exf3+ (26... hxg6 27. f4) 27. exf3 hxg6 28. Re2)
26... Re8 $2 (26... exf3+ $19 27. Qxf3 (27. exf3 {would be positionally best
except for} f4 $1 $19) 27... Rd5 {is also, perhaps surprisingly, a big
advantage for Black. Perhaps it's those rusting rooks?}) 27. Qc1 (27. Rd1 $15)
(27. f4 $1 $11 {is best, paradoxically blocking it up some with bishop vs.
knight: but now the knight has no further squares, and the bishop is doing
just fine.}) 27... e3 $2 ({Again it's} 27... exf3+ 28. exf3 Nd3 $1 (28... Red8
$17) 29. Rxe8+ Qxe8 30. Qc2 Rd6 {that knight is definitely the superior minor
piece.}) 28. Rd1 Rf7 $2 (28... Rc7 $1 $14) 29. Kh1 {Good,} ({but better is} 29.
Rd5 $1 f4 30. Be5 $1 $16 {when it's very difficult for Black.}) 29... f4 $2 (
29... Rc7 $16 {was necessary.}) 30. g4 $2 {[#]} (30. gxf4 $18 {Rg1 is the
strong threat.} Qf5 31. Rd4) 30... h5 {Sensible, but not leading to anything.}
(30... Rc7 $1 $17 {is Stockfish's adamant improvement, intending what? To come
in through the c-file!?}) 31. Rg1 $2 {[#]} ({Well, "not leading to anything"
after} 31. gxh5 $1 Qxh5 32. Qc2 $6 Qf5 33. Qxf5 Rxf5 $15) 31... Ne4 $1 {
Guy in his element. Now it's Black with dangerous pawns.} 32. Rd5 $2 $19 (32.
Be1 $15 {was the only move to approximate balance:} Nf2+ 33. Bxf2 exf2 34. Rgf1
) 32... hxg4 {Black could have tossed in the check.} 33. Be1 {[#]} g3 $1 34.
Rg2 (34. hxg3 fxg3) 34... Nf2+ 35. Kg1 gxh2+ 36. Kxh2 Qh6+ {What a bad dream
for White.} 0-1

[Event "MI Nov-Dec TNM 1800+"]
[Site "San Francisco"]
[Date "2021.11.16"]
[Round "3.7"]
[White "Lesniewski, Lucas"]
[Black "Wang, Daniel"]
[Result "1/2-1/2"]
[WhiteElo "1855"]
[BlackElo "1700"]
[PlyCount "98"]
[EventDate "2021.11.02"]
[EventType "swiss"]
[EventRounds "8"]
[EventCountry "USA"]

1. d4 Nf6 2. Nf3 d5 3. c4 e6 4. Nc3 Be7 5. Bg5 O-O 6. e3 Nbd7 7. Rc1 a6 8. Qc2
h6 9. Bh4 b6 10. cxd5 exd5 11. Be2 Bb7 12. O-O Ne4 13. Bxe7 Qxe7 14. Qb3 Qd6
15. Rfd1 Rfc8 16. Nxe4 dxe4 17. Nd2 b5 18. Bg4 Rd8 19. Bxd7 Rxd7 20. Rc5 Bd5
21. Qc2 Re8 22. Rc1 c6 23. Qc3 f5 24. Nb3 Re6 25. Na5 Rc7 26. a4 g5 27. axb5
axb5 28. Rxb5 Rf7 29. Rb7 Rxb7 30. Nxb7 Qe7 31. Nc5 Rf6 32. Ra1 f4 33. Ra8+ Kg7
34. Rb8 Rf7 35. Rb7 Qe8 36. Qb4 Rxb7 37. Qxb7+ Qf7 38. Kf1 h5 39. Ke1 h4 40.
Kd2 Qxb7 41. Nxb7 h3 42. gxh3 Kg6 43. exf4 gxf4 44. Nd6 Kg5 45. b4 Kh4 46. Nf5+
Kxh3 47. Ne7 Bc4 48. Nxc6 Kxh2 49. Ne5 Kg2 1/2-1/2

[Event "MI Nov-Dec TNM 1800+"]
[Site "San Francisco"]
[Date "2021.11.16"]
[Round "3.8"]
[White "Faulkner, Charles"]
[Black "Bambou, Christophe"]
[Result "0-1"]
[WhiteElo "1720"]
[BlackElo "2097"]
[PlyCount "50"]
[EventDate "2021.11.02"]
[EventType "swiss"]
[EventRounds "8"]
[EventCountry "USA"]

1. d4 d5 2. Nf3 Nf6 3. Bg5 Ne4 4. h4 c5 5. e3 Qb6 6. Qc1 f6 7. Bf4 cxd4 8. exd4
e5 9. Be3 Nc6 10. c3 exd4 11. Nxd4 Bc5 12. Nc2 {[#]} Nxf2 13. Bxc5 Qxc5 14. Rh2
Ng4 15. Rh1 O-O 16. Qf4 Re8+ 17. Be2 Re4 18. Qf3 Nce5 19. Qf1 Ne3 20. Nxe3 Qxe3
21. Nd2 Nd3+ 22. Kd1 Nf2+ 23. Ke1 Nxh1 24. Nxe4 Qxe4 25. Qxh1 Bg4 0-1

[Event "MI Nov-Dec TNM 1800+"]
[Site "San Francisco"]
[Date "2021.11.16"]
[Round "3.9"]
[White "Carron, Joel"]
[Black "Heidari, Ako"]
[Result "0-1"]
[WhiteElo "1670"]
[BlackElo "1955"]
[PlyCount "94"]
[EventDate "2021.11.02"]
[EventType "swiss"]
[EventRounds "8"]
[EventCountry "USA"]

1. e4 b6 2. d4 Bb7 3. Bd3 e6 4. Nf3 d6 5. O-O Nd7 6. c4 Ne7 7. Nc3 g6 8. Bf4
Bg7 9. Qd2 h6 10. h3 g5 11. Be3 e5 12. d5 Ng6 13. Bc2 Nf6 14. Ba4+ Kf8 15. b4
Nf4 16. Bxf4 gxf4 17. Rab1 Nh7 18. c5 Ng5 19. Qe2 Qf6 20. Bd7 Bc8 21. Bxc8 Rxc8
22. c6 Kg8 23. a4 Kh7 24. a5 Rcg8 25. Nxg5+ hxg5 26. Qg4 Kg6 27. Nb5 Rh4 28.
Qd7 f3 29. Qf5+ Qxf5 30. exf5+ Kxf5 31. gxf3 e4 32. fxe4+ Kf4 33. f3 Rxh3 34.
Kf2 bxa5 35. bxa5 Rh2+ 36. Ke1 Rb8 37. Rf2 Rh1+ 38. Rf1 Rh2 39. Rf2 Rh1+ 40.
Rf1 Rxf1+ 41. Kxf1 a6 42. Na3 Rxb1+ 43. Nxb1 Kxf3 44. Nd2+ Ke3 45. Nb3 Bc3 46.
Nc5 Bxa5 47. Nxa6 Kxe4 0-1

[Event "MI Nov-Dec TNM 1800+"]
[Site "San Francisco"]
[Date "2021.11.16"]
[Round "3.11"]
[White "Cortinas, Marty"]
[Black "Mahooti, James"]
[Result "0-1"]
[WhiteElo "1706"]
[BlackElo "1867"]
[PlyCount "132"]
[EventDate "2021.11.02"]
[EventType "swiss"]
[EventRounds "8"]
[EventCountry "USA"]

1. d4 Nf6 2. c4 e6 3. Nf3 d5 4. Nc3 Bb4 5. cxd5 exd5 6. Bg5 h6 7. Bh4 O-O 8.
Qc2 Nc6 9. e3 a6 10. Bd3 Be7 11. a3 Be6 12. O-O Nh5 13. Bxe7 Qxe7 14. Rac1 g5
15. Rfe1 g4 16. Nd2 f5 17. Bf1 Nf6 18. Ne2 Ne4 19. Nxe4 fxe4 20. Red1 Rac8 21.
Nf4 Bf7 22. b4 Nd8 23. Qc5 Qg5 24. Rd2 c6 25. Qd6 h5 26. Be2 Be8 27. Rdc2 Ra8
28. a4 Qf6 29. Qxf6 Rxf6 30. g3 Kg7 31. b5 axb5 32. axb5 Kh6 33. bxc6 Bxc6 34.
Rb2 Ne6 35. Bd1 Ng5 36. Kf1 Nf3 37. Bxf3 gxf3 38. Ke1 Kg5 39. Kd2 Ra5 40. h4+
Kh6 41. Rbc2 Ra3 42. Rc5 Rd6 43. R5c3 Ra5 44. Nh3 Kg6 45. Ng5 Ra2+ 46. R3c2 Ra3
47. Rc3 Rxc3 48. Kxc3 Bd7 49. Kb4 Rb6+ 50. Ka3 Ra6+ 51. Kb2 Rb6+ 52. Ka3 Bc6
53. Ne6 Ra6+ 54. Kb2 Rb6+ 55. Kc3 Bb5 56. Nf4+ Kh6 57. Nxd5 Rc6+ 58. Kd2 Rxc1
59. Kxc1 Kg6 60. Nf4+ Kh6 61. Kb2 Be8 62. Kc3 Kg7 63. Kb4 Kf6 64. Kc5 Ke7 65.
Kb6 Kd6 66. Kxb7 Kd7 0-1

[Event "MI Nov-Dec TNM 1800+"]
[Site "San Francisco"]
[Date "2021.11.16"]
[Round "3.12"]
[White "Persidsky, Andre"]
[Black "Acosta, Anthony"]
[Result "1-0"]
[WhiteElo "1814"]
[BlackElo "1787"]
[PlyCount "73"]
[EventDate "2021.11.02"]
[EventType "swiss"]
[EventRounds "8"]
[EventCountry "USA"]

1. d4 e6 2. c4 c5 3. d5 exd5 4. cxd5 d6 5. e4 Nf6 6. Nc3 a6 7. a4 b6 8. h3 Be7
9. Nf3 Nbd7 10. Bd3 Qc7 11. b3 O-O 12. Bb2 Bb7 13. O-O Rfe8 14. Rc1 Rad8 15.
Qe2 Bf8 16. Qc2 h6 17. Ne2 Qb8 18. Ng3 Bc8 19. Nf5 g6 20. Ng3 Bg7 21. Rfe1 b5
22. axb5 axb5 23. Ra1 Qb6 24. Bc3 b4 25. Bb2 Bb7 26. Ra2 Ra8 27. Rea1 Rxa2 28.
Rxa2 g5 29. Nf5 Bf8 30. Qd2 Nxe4 31. Bxe4 Rxe4 {[#]} 32. Nxg5 $1 Re5 (32...
hxg5 33. Qxg5+ Kh7 34. Qh5+ {and mate}) 33. Bxe5 Nxe5 34. Ne4 Qd8 35. f4 (35.
Nxh6+ $1) (35. Ra7 $1) 35... Qc8 36. Nfxd6 Bxd6 37. Nxd6 1-0

[Event "MI Nov-Dec TNM 1800+"]
[Site "San Francisco"]
[Date "2021.11.16"]
[Round "3.13"]
[White "Sun, Kevin"]
[Black "Lama, Tony"]
[Result "0-1"]
[WhiteElo "1744"]
[BlackElo "1800"]
[PlyCount "60"]
[EventDate "2021.11.02"]
[EventType "swiss"]
[EventRounds "8"]
[EventCountry "USA"]

1. e4 e6 2. d4 d5 3. e5 c5 4. c3 Nc6 5. Nf3 Bd7 6. Be2 f6 7. exf6 Nxf6 8. O-O
cxd4 9. Nxd4 Bd6 10. Bg5 O-O 11. Bf3 Qb6 12. Nxc6 Bxc6 13. Qc2 Rac8 14. Nd2 Qc7
15. h3 Bf4 16. Bxf4 Qxf4 17. Rfe1 Rce8 18. Nb3 {[#]} e5 19. Rad1 e4 20. Be2 Nd7
21. Bf1 Ne5 22. Re3 Rf6 23. Nd4 Ref8 24. Rd2 Qg5 25. Rg3 Qh4 26. Kh2 Bd7 27.
Qb3 {[#]} Ng4+ 28. Kg1 Qxg3 29. Qxd5+ Kh8 30. Qxd7 Qh2# 0-1

[Event "MI Nov-Dec TNM 1800+"]
[Site "San Francisco"]
[Date "2021.11.16"]
[Round "3.14"]
[White "Gimelfarb, Ilia"]
[Black "Kaplan, Glenn"]
[Result "1-0"]
[WhiteElo "1760"]
[BlackElo "1735"]
[PlyCount "67"]
[EventDate "2021.11.02"]
[EventType "swiss"]
[EventRounds "8"]
[EventCountry "USA"]

1. e4 d6 2. d4 Nf6 3. Nc3 g6 4. Be3 Bg7 5. f3 O-O 6. Qd2 Nbd7 7. Nge2 c5 8.
dxc5 Nxc5 9. O-O-O Bd7 10. g4 b5 11. Ng3 b4 12. Nb1 Qc7 13. Qxb4 Rab8 14. Qe1
Be6 15. Nc3 Nfd7 16. Bd4 Bxd4 17. Rxd4 Bxa2 18. Bc4 Bxc4 19. Rxc4 Ne5 20. Nd5
Qd7 21. Rc3 Rbc8 22. Qe3 Kg7 23. h4 h6 24. h5 Rh8 25. b4 e6 26. Nf4 Na4 27.
Rxc8 Qxc8 28. Qxa7 Nc3 29. hxg6 Nxg6 30. Ngh5+ Kg8 31. Nxg6 Ne2+ 32. Kd1 Nc3+
33. Ke1 Qc4 34. Qa8+ 1-0